000
00335nam a2200145Ia 4500
005
20251222153523.0
008
251222s9999||||xx |||||||||||||| ||spa||
020
_a
9701035798
082
_a
611.9/O21
100
_a
O'Rahilly, Ronan
245
0
_a
AnatomÃa de Gardner
250
_a
5ta. ed.
264
_b
McGraw - Hill
942
_c
LIB
999
_c
29808
_d
29808